000
00294nam a22001457a 4500
008
210526b ||||| |||| 00| 0 eng d
020
_a
9781111971700
041
_a
eng
080
_a
33
082
_a
33
100
_a
52
101
_a
BIZ
245
_a
BUSN
_c
Marce Kelly
942
_2
udc
_c
BK
999
_c
57658
_d
57658